Process systems analysis and control (Record no. 13575)

000 -LEADER
fixed length control field 00578nam a22002051 4500
001 - CONTROL NUMBER
control field 13575
003 - CONTROL NUMBER IDENTIFIER
control field BD-DhUET
008 - FIXED-LENGTH DATA ELEMENTS--GENERAL INFORMATION
fixed length control field 730306s1965 nyua b 000 0 eng
040 ## - CATALOGING SOURCE
Original cataloging agency DLC
Transcribing agency DLC
Modifying agency BD-DhUET
082 ## - DEWEY DECIMAL CLASSIFICATION NUMBER
Classification number 660.284
Item number COU/1965
100 1# - MAIN ENTRY--PERSONAL NAME
Personal name Coughanowr, Donald R.
245 10 - TITLE STATEMENT
Title Process systems analysis and control
250 ## - EDITION STATEMENT
Edition statement 1st ed.
260 ## - PUBLICATION, DISTRIBUTION, ETC. (IMPRINT)
Place of publication, distribution, etc. New York
Name of publisher, distributor, etc. McGraw-Hill
Date of publication, distribution, etc. 1965
300 ## - PHYSICAL DESCRIPTION
Extent xii, 491 p.
Other physical details ill.
Dimensions 21 cm.
490 ## - SERIES STATEMENT
Series statement McGraw-Hill chemical engineering series
650 #0 - SUBJECT ADDED ENTRY--TOPICAL TERM
Topical term or geographic name as entry element Control devices process engineering
700 ## - ADDED ENTRY--PERSONAL NAME
Personal name Koppel, Lowell B.
942 ## - ADDED ENTRY ELEMENTS (KOHA)
Koha item type General Book
Holdings
Koha full call number Sublocation or collection (holding branch) Shelving location Copy number Damaged status Source of classification or shelving scheme Koha date last seen Price effective from Koha date last borrowed Piece designation (barcode) Location (home branch) Date acquired Withdrawn status Not for loan Koha issues (times borrowed) Lost status Koha item type Koha normalized classification for sorting
660.284/COU/1965Central Library, BUETCirculation section1  2015-03-032015-03-03 29699Central Library, BUET2015-03-03    General Book660_284000000000000_COU_1965
660.284/COU/1965Central Library, BUETCirculation section2  2017-05-092015-03-032017-05-0929689Central Library, BUET2015-03-03  1 General Book660_284000000000000_COU_1965
660.284/COU/1965Central Library, BUETCirculation section3  2015-03-032015-03-03 29697Central Library, BUET2015-03-03    General Book660_284000000000000_COU_1965
660.284/COU/1965Central Library, BUETCirculation section4  2015-03-032015-03-03 29692Central Library, BUET2015-03-03    General Book660_284000000000000_COU_1965
660.284/COU/1965Central Library, BUETCirculation section5  2015-03-032015-03-03 29698Central Library, BUET2015-03-03    General Book660_284000000000000_COU_1965
660.284/COU/1965Central Library, BUETCirculation section6  2015-03-032015-03-03 29690Central Library, BUET2015-03-03    General Book660_284000000000000_COU_1965
660.284/COU/1965Central Library, BUETCataloging to Circulation7  2015-03-032015-03-03 29688Central Library, BUET2015-03-03    General Book660_284000000000000_COU_1965
660.284/COU/1965Central Library, BUETCirculation section8  2015-03-042015-03-04 34519Central Library, BUET2015-03-04    General Book660_284000000000000_COU_1965
660.284/COU/1965Central Library, BUETCirculation section9  2015-05-112015-05-11 29694Central Library, BUET2015-05-11    General Book660_284000000000000_COU_1965
660.284/COU/1965Central Library, BUETCirculation section10  2015-05-112015-05-11 29696Central Library, BUET2015-05-11    General Book660_284000000000000_COU_1965
660.284/COU/1965Central Library, BUETCirculation section11  2015-05-132015-05-13 29695Central Library, BUET2015-05-13    General Book660_284000000000000_COU_1965
660.284/COU/1965Central Library, BUETCirculation section12  2015-05-142015-05-14 17869Central Library, BUET2015-05-14    General Book660_284000000000000_COU_1965
660.284/COU/1965Central Library, BUETCirculation section13  2015-05-182015-05-18 15822Central Library, BUET2015-05-18    General Book660_284000000000000_COU_1965
660.284/COU/1965Central Library, BUETReading section14  2015-06-202015-06-20 29700Central Library, BUET2015-06-20    General Book660_284000000000000_COU_1965
660.284/COU/1965Central Library, BUETReading section15  2015-06-202015-06-20 29701Central Library, BUET2015-06-20    General Book660_284000000000000_COU_1965
660.284/COU/1965Central Library, BUETCirculation section16  2015-07-102015-07-10 16716Central Library, BUET2015-07-10    General Book660_284000000000000_COU_1965